• 首页
  • 本馆介绍
  • 公告通知
  • 最新文献
  • 馆藏检索
  • 电子资源
  • 读者导购
  • 参考咨询
  • 我的图书馆
  • 登录
  • 详细信息显示
  • 放入我的书架
  • 预约/预借图书
  • 作者相关作品
  • 分类相关作品
  • 丛书相关作品
  • 出版社相关作品

书目信息

  • 表格格式
  • 工作单格式
  • 卡片格式
题名:
历史唯物主义与马克思主义政治经济学
    
 
作者: 胡钧 著
分册:  
出版信息: 北京   经济日报出版社  2018
页数: 218页
开本: 24cm
丛书名: 百人学术文库
单 册:
中图分类: B03 , F0-0
科图分类:
主题词: 历史唯物主义--研究 , 马克思主义政治经济学--研究
电子资源:
ISBN: 978-7-5196-0293-2
000 01016oam2 2200277 450
001 012001011744
005 20141123083945.0
010    @a978-7-5196-0293-2@dCNY58.00
100    @a20181129d2018 em y0chiy50 ea
101 0  @achi
102    @aCN@b110000
105    @ay z 000yy
106    @ar
200 1  @a历史唯物主义与马克思主义政治经济学@9li shi wei wu zhu yi yu ma ke si zhu yi zheng zhi jing ji xue@f胡钧著
210    @a北京@c经济日报出版社@d2018
215    @a218页@d24cm
225 1  @a百人学术文库
330    @a本书收录了《政治经济学研究中的历史观问题》《生产力与劳动生产力》《论生产力发展的根本动力》《生产力标准和坚持社会主义公有制的主体地位》《用历史唯物主义指导人的发展经济学的建设》《人的全面而自由的发展是一个自然史过程》等文章。
461  0 @12001 @a百人学术文库
606 0  @a历史唯物主义@x研究
606 0  @a马克思主义政治经济学@x研究
690    @aB03@v5
690    @aF0-0@v5
701  0 @a胡钧@9hu jun@f(1928~)@4著
801  0 @aCN@b上海新华@c20191020
905    @b1184348-51@dB03@e50@f4
    
    历史唯物主义与马克思主义政治经济学/胡钧著.-北京:经济日报出版社,2018
    218页;24cm.-(百人学术文库)
    
    
    ISBN 978-7-5196-0293-2:CNY58.00
    本书收录了《政治经济学研究中的历史观问题》《生产力与劳动生产力》《论生产力发展的根本动力》《生产力标准和坚持社会主义公有制的主体地位》《用历史唯物主义指导人的发展经济学的建设》《人的全面而自由的发展是一个自然史过程》等文章。
●
相关链接 在E读中查询图书 在五车中查询图书 在当当中查询图书 在豆瓣中查询图书


正题名:历史唯物主义与马克思主义政治经济学     索取号:B03/50         预约/预借

序号 登录号 条形码 馆藏地/架位号 状态 备注
1 1184348   211843488   第一样本阅览室/ [索取号:B03/50] 在馆    
2 1184349   211843497   第一借阅区/ [索取号:B03/50] 在馆    
3 1184350   211843503   第一借阅区/ [索取号:B03/50] 在馆    
4 1184351   211843512   第一借阅区/ [索取号:B03/50] 在馆    
唐山师范学院图书馆 欢迎您!
大连网信软件有限公司© 版权所有